INTERNATIONAL LAW AND HUMAN RIGHTS (Record no. 224088)

MARC details
000 -LEADER
fixed length control field 00281 a2200121 4500
005 - DATE AND TIME OF LATEST TRANSACTION
control field 20260316141831.0
020 ## - INTERNATIONAL STANDARD BOOK NUMBER
International Standard Book Number 9788194833062
100 ## - MAIN ENTRY--PERSONAL NAME
Personal name KAPOOR, S.K.
245 ## - TITLE STATEMENT
Title INTERNATIONAL LAW AND HUMAN RIGHTS
250 ## - EDITION STATEMENT
Edition statement 22nd
260 ## - PUBLICATION, DISTRIBUTION, ETC.
Name of publisher, distributor, etc. CENTRAL LAW, PRAYAGRAJ
Date of publication, distribution, etc. 2021
942 ## - ADDED ENTRY ELEMENTS (KOHA)
Koha item type Book
Holdings
Withdrawn status Lost status Source of classification or shelving scheme Damaged status Not for loan Home library Current library Shelving location Date acquired Total Checkouts Barcode Date last seen Price effective from Koha item type
    Dewey Decimal Classification     Mewar University Central Library Mewar University Central Library Law 20/03/2026   L7891 20/03/2026 20/03/2026 Book
    Dewey Decimal Classification     Mewar University Central Library Mewar University Central Library Law 20/03/2026   L7892 20/03/2026 20/03/2026 Book
    Dewey Decimal Classification     Mewar University Central Library Mewar University Central Library Law 20/03/2026   L7893 20/03/2026 20/03/2026 Book
    Dewey Decimal Classification     Mewar University Central Library Mewar University Central Library Law 20/03/2026   L7894 20/03/2026 20/03/2026 Book
    Dewey Decimal Classification     Mewar University Central Library Mewar University Central Library Law 20/03/2026   L7895 20/03/2026 20/03/2026 Book